Statystyki dla Strzelcy bramek w reprezentacji Polski za kadencji Michniewicza

Kliknij tutaj aby rozwiązać quiz!

Ogólne statystyki

  • Ten quiz został rozwiązany 124 razy
  • Średni wynik to 5 z 6

Statystyki odpowiedzi

Liczba
bramek
Zawodnik% Poprawnych
4Lewandowski
99%
3Zieliński
92%
2Piątek
83%
2Świderski
79%
1Cash
69%
1Kamiński
49%

Rozkład punktacji

Percentyl według liczby udzielonych odpowiedzi

Procent ludzi z każdym wynikiem

Twoja historia wyników

Nie rozwiązałeś tego quizu